Top 50 Baby Boy Names Beginning with O - Statistics

General Stats
  • This quiz has been taken 537 times
  • The average score is 17 of 50
Answer Stats
Hint Answer % Correct
1 Oliver
97%
45 Olivier
97%
3 Oscar
80%
18 Oskar
80%
2 Owen
79%
32 Om
78%
16 Ollie
77%
39 Ori
67%
4 Omar
65%
35 Omer
65%
30 Oden
56%
6 Odin
56%
7 Otto
54%
5 Orion
52%
28 Ozzie
48%
15 Ozzy
48%
20 Oren
43%
29 Orin
43%
38 Orrin
43%
11 Otis
38%
33 Oaklee
35%
8 Oakley
35%
12 Orlando
34%
26 Olin
28%
23 Orson
27%
10 Onyx
24%
13 Ocean
20%
9 Omari
19%
17 Osman
19%
22 Oakland
18%
44 Oaklen
18%
19 Octavio
14%
27 Octavius
14%
46 Opie
13%
14 Osiris
10%
24 Obadiah
9%
43 Oswaldo
8%
42 Octavian
7%
48 Ollivander
7%
21 Osvaldo
7%
37 Obed
6%
34 Omarion
5%
49 Omega
5%
40 Oziah
5%
47 Oshea
3%
36 Osiel
2%
41 Osmar
2%
25 Ozias
2%
31 Oziel
2%
50 Odyesseus
1%
No matching quizzes found
Score Distribution
Percent of People with Each Score
Percentile by Number Answered
Your Score History
You have not taken this quiz